000 00710nam a2200241Ia 4500
003 OSt
005 20220930070116.0
006 a|||||r|||| 00| 0
007 ta
008 220926b |||||||| |||| 00| 0 eng d
024 _a6525
037 _cTheses
040 _aCRL
_cCRL
_beng
041 _2eng
_aeng
100 _aSharma K.L.
110 _aUniversity of Delhi. Faculty of Social Sciences. Department of Political Science
_9520504
245 0 _aPolitical ideas of G.D.H. Cole
260 _c1985
650 _aPOLITICAL SCIENCE
700 _aUniversity of Delhi. Faculty of Social Sciences. Department of Political Science
_9520505
942 _cDIS
_2CC
999 _c860447
_d860447